00457cam a2200169ua 45000010005000000080039000050200018000440400009000620820013000711000022000842450063001062500009001692600029001783000017002076530020002246530043002444031111213n ii |||gr||||Z||||||asm a81-7339-105-X cMAIN a891.54111 aBorkataky, Biren,11aIngraj ramanyasik kabir kabya pratibhacby Biren Borkataky a3rd. aDbrugarh:bBanalata,995. a140p:c23cm. aAssamese poetry aIngraj ramanyasik kabir kabya pratibha